000 00672nam a22002177a 4500
003 UA-OsUOA
001 103444
007 ta
008 20131030b un ||||| |||| 00| 0 ukr d
100 _aКлименко В.В.
090 _a330(477)
_bК49
942 _cSA
040 _aUA-OsUOA
_bukr
_cUA-OsUOA
_dUA-OsUOA
245 _aШляхи активізації факторингової діяльності фінансових компаній в Україні
300 _aС.91-105
955 _a0
041 _aukr
080 _a330(477)
773 0 _w103436
_tФінанси України
_dК.
_d2013
_g7
650 7 _a330 Економіка взагалі
_2UDC
999 _c390239
_d390239